| 000 | 00382nam a2200157Ia 4500 | ||
|---|---|---|---|
| 008 | 220803s9999 xx 000 0 und d | ||
| 020 | _a9788184956030 | ||
| 041 | _aeng | ||
| 082 | _a720.91 MIC | ||
| 100 |
_aMichell G _925109 |
||
| 245 | _aElephanta | ||
| 260 |
_aMumbai _bJaico Publishing House _c2014 |
||
| 300 | _a144p | ||
| 500 | _aARCHI | ||
| 650 |
_aHindu Architecture _925110 |
||
| 999 |
_c15960 _d15960 |
||